Sūradāsa aura unakā Bhramaragīta; (Record no. 67818)

MARC details
000 -LEADER
fixed length control field 00812cam a22002411 4500
001 - CONTROL NUMBER
control field sa 66001447
003 - CONTROL NUMBER IDENTIFIER
control field DLC
005 - DATE AND TIME OF LATEST TRANSACTION
control field 20260227112222.0
008 - FIXED-LENGTH DATA ELEMENTS--GENERAL INFORMATION
fixed length control field 890724s1965 ii 000 0 hino
010 ## - LIBRARY OF CONGRESS CONTROL NUMBER
LC control number sa 66001447
035 ## - SYSTEM CONTROL NUMBER
System control number (OCoLC)20062931
040 ## - CATALOGING SOURCE
Original cataloging agency DLC
Transcribing agency WaU
Modifying agency NRU
-- DLC
042 ## - AUTHENTICATION CODE
Authentication code premarc
050 00 - LIBRARY OF CONGRESS CALL NUMBER
Classification number PK2095.S8
Item number B58
100 1# - MAIN ENTRY--PERSONAL NAME
Personal name Śarmā, Śrīnivāsa,
Dates associated with a name 1933-
245 10 - TITLE STATEMENT
Title Sūradāsa aura unakā Bhramaragīta;
Remainder of title Sūra kāvya kī samīkshā tathā Bhramaragīta kī mūla sahita vyākhyā.
Statement of responsibility, etc. Lekhaka Śrīnivāsa Śarmā.
250 ## - EDITION STATEMENT
Edition statement [1. saṃskaraṇa]
260 ## - PUBLICATION, DISTRIBUTION, ETC.
Place of publication, distribution, etc. Dīllī, Aśoka Prakāśana
Date of publication, distribution, etc. [1966, i.e. 1965]
300 ## - PHYSICAL DESCRIPTION
Extent 544 p.
Dimensions 19 cm.
500 ## - GENERAL NOTE
General note In Hindi.
500 ## - GENERAL NOTE
General note Includes Sūradāsa's text of Bhramaragīta.
600 00 - SUBJECT ADDED ENTRY--PERSONAL NAME
Personal name Sūradāsa,
Dates associated with a name 1483?-1563?
Title of a work Bhramaragīta.

No items available.

Powered by Koha